10 plus grandes villes de l'Ain - Statistiques

Statistiques générales
  • Ce quiz a été pris 78 fois
  • Le résultat moyen est 6 sur 10
Statistiques - réponses
Population Ville % Correct
41 681 Bourg-en-Bresse
99%
22 271 Oyonnax
96%
13 177 Gex
72%
14 288 Ambérieu-en-Bugey
70%
9 207 Belley
61%
10 202 Miribel
42%
16 434 Valserhône
42%
10 612 Ferney-Voltaire
33%
9 999 Divonne-les-bains
30%
14 274 Saint-Genis-Pouilly
19%
Aucun quiz correspondant
Distribution des résultats
% des personnes avec chaque résultat
Percentile par nombre de réponses
Votre historique - résultats
Vous n’avez pas pris ce quiz